<?xml version="1.0" encoding="UTF-8"?>
<record
    xmlns:xsi="http://www.w3.org/2001/XMLSchema-instance"
    xsi:schemaLocation="http://www.loc.gov/MARC21/slim http://www.loc.gov/standards/marcxml/schema/MARC21slim.xsd"
    xmlns="http://www.loc.gov/MARC21/slim">

  <leader>01340nam a2200181Ia 4500</leader>
  <controlfield tag="008">181130s2018    xx            000 0 und d</controlfield>
  <datafield tag="100" ind1=" " ind2=" ">
    <subfield code="a">Vinogradov, Dmitri</subfield>
  </datafield>
  <datafield tag="245" ind1=" " ind2=" ">
    <subfield code="a">Public-private partnerships as collaborative projects:</subfield>
    <subfield code="b">testing the theory on cases from Eu and Russia</subfield>
  </datafield>
  <datafield tag="260" ind1=" " ind2=" ">
    <subfield code="c">2018</subfield>
  </datafield>
  <datafield tag="300" ind1=" " ind2=" ">
    <subfield code="a">p.446-459.</subfield>
  </datafield>
  <datafield tag="504" ind1=" " ind2=" ">
    <subfield code="d">Apr</subfield>
  </datafield>
  <datafield tag="520" ind1=" " ind2=" ">
    <subfield code="a">How do public-private partnerships (PPPs) differ from traditional public procurement and what role should governments play in them? This article views PPPs as collaborative projects with imperfect information between parties. Typical public procurement contracts tackle asymmetric information problems yet limit feasibility of projects: some are not profitable enough to ensure private party participation. Partnership improves feasibility; this justifies PPPs as a form of public good provision and demonstrates how they differ from procurement. Four UK and Russian cases of PPP projects are analyzed within the above framework, focusing on types of contracts, contributions of both partners, and specific partnership elements. - Reproduced.</subfield>
  </datafield>
  <datafield tag="650" ind1=" " ind2=" ">
    <subfield code="a">Public private partnership</subfield>
  </datafield>
  <datafield tag="650" ind1=" " ind2=" ">
    <subfield code="a">Public private partnership - EU</subfield>
  </datafield>
  <datafield tag="650" ind1=" " ind2=" ">
    <subfield code="a">Public private partnership - Russia</subfield>
  </datafield>
  <datafield tag="773" ind1=" " ind2=" ">
    <subfield code="a">International Journal of Public Administration</subfield>
  </datafield>
  <datafield tag="906" ind1=" " ind2=" ">
    <subfield code="a">Public private partnership</subfield>
  </datafield>
  <datafield tag="999" ind1=" " ind2=" ">
    <subfield code="c">506885</subfield>
    <subfield code="d">506885</subfield>
  </datafield>
  <datafield tag="952" ind1=" " ind2=" ">
    <subfield code="0">0</subfield>
    <subfield code="1">0</subfield>
    <subfield code="4">0</subfield>
    <subfield code="7">0</subfield>
    <subfield code="a">IIPA</subfield>
    <subfield code="b">IIPA</subfield>
    <subfield code="d">2018-12-07</subfield>
    <subfield code="h">41(5 and 6), Apr, 2018: p.446-459.</subfield>
    <subfield code="p">AR118680</subfield>
    <subfield code="r">2018-12-07</subfield>
    <subfield code="w">2018-12-07</subfield>
    <subfield code="y">AR</subfield>
  </datafield>
</record>
